Dance Moms E dances - Statistics

General Stats
  • This quiz has been taken 48 times
  • The average score is 8 of 14
Answer Stats
Picture Answer % Correct
Electricity
92%
Electricity
92%
The Entertainer
88%
Easy as 123
68%
Every Little Step
68%
Ease on down the boulevard
60%
Encore
52%
Eternally
52%
Evita
52%
Electricity Improv
44%
Endangered species
44%
Each other
24%
The End of the Road
24%
The Elite
16%
No matching quizzes found
Score Distribution
Percent of People with Each Score
Percentile by Number Answered
Your Score History
You have not taken this quiz